01152nas a2200241 i 4500003000900000005001700009007000300026008004100029040003000070041000800100245008700108264007700195300004100272310001300313336002700326337003400353338002800387362003600415500006500451520026600516650007100782700005700853DO-SdBNP20260703102735.0ta260703e1961 dr mn|p|r||||||0| | spa d aDO-SdBNPbspacBNPHUerda aspa aBrigadas dominicanas artes y letras. cdirigida por: Aida Cartagena Portalatín.  aSanto Domingo, República Dominicana : bEditorial La Nación, c1961. avolumen : bilustraciones ; c24 cm. aMensual. atextobtxt2rdacontent asin mediación bn2rdamedia avolumenbnc2rdacarrier aAño 1. No. 1, diciembre 1961. aCatalogación basada en el: Año 1. No. 1, diciembre 1961. a"...Por primera vez, después de treinta y un años de oscurantismo politico" Brigadas Dominicanas será auténtica expresión de los ideales y aspiraciones de un grupo de poetas, escritos y artistas en la Patria dignificada por Duarte, Sánchez y Mella.  0aBrigadas dominicanasxArtes xLetras vPublicaciones periódicas 1 aCartagena Portalatín, Aída,d1918-1994edirigido